| 000 | 00452nam a2200181Ia 4500 | ||
|---|---|---|---|
| 001 | 23172 | ||
| 005 | 20260414150920.0 | ||
| 008 | 260414t2018||||xx |||||||||||||| ||spa|| | ||
| 041 | _aESP | ||
| 082 |
_a625.7 _bR62 |
||
| 100 |
_aRincón Villalba, Mario Arturo _eAUT |
||
| 245 | 0 |
_aDiseño geométrico de vías con civil 3D _b |
|
| 260 | _c2018 | ||
| 300 |
_ax, 391 páginas : _c24 cm. |
||
| 650 | _a0 | ||
| 654 | _aCIC | ||
| 942 |
_cLIB _dJUS _fJUS _2ddc _n |
||
| 999 |
_c23172 _d23172 |
||